|
|
|
|
| LEADER |
01588nam a2200433Ia 4500 |
| 001 |
EBC533109 |
| 003 |
MiAaPQ |
| 005 |
20200520144314.0 |
| 006 |
m o d | |
| 007 |
cr cn||||||||| |
| 008 |
100120s2010 enka sb 000 0 eng d |
| 020 |
|
|
|z 9781849507660 (hbk.)
|
| 020 |
|
|
|z 184950766X (hbk.)
|
| 020 |
|
|
|a 9781849507677 (electronic bk.)
|
| 020 |
|
|
|a 1849507678 (electronic bk.)
|
| 035 |
|
|
|a (MiAaPQ)EBC533109
|
| 035 |
|
|
|a (Au-PeEL)EBL533109
|
| 035 |
|
|
|a (CaPaEBR)ebr10387211
|
| 035 |
|
|
|a (CaONFJC)MIL255269
|
| 035 |
|
|
|a (OCoLC)630542719
|
| 040 |
|
|
|a MiAaPQ
|c MiAaPQ
|d MiAaPQ
|
| 050 |
|
4 |
|a HD6971
|b .J63 2010
|
| 245 |
0 |
0 |
|a Jobs, training and worker well-being
|h [electronic resource] /
|c edited by Solomon W. Polachek, Konstantinos Tatsiramos.
|
| 260 |
|
|
|a Bingley :
|b Emerald,
|c 2010.
|
| 300 |
|
|
|a xvi, 337 p. :
|b ill.
|
| 490 |
1 |
|
|a Research in labor economics,
|x 0147-9121 ;
|v 30
|
| 504 |
|
|
|a Includes bibliographical references.
|
| 533 |
|
|
|a Electronic reproduction. Ann Arbor, MI : ProQuest, 2015. Available via World Wide Web. Access may be limited to ProQuest affiliated libraries.
|
| 650 |
|
0 |
|a Labor supply.
|
| 650 |
|
0 |
|a Discrimination in employment.
|
| 650 |
|
0 |
|a Employees
|x Training of.
|
| 650 |
|
0 |
|a Income distribution.
|
| 650 |
|
0 |
|a Labor policy.
|
| 655 |
|
4 |
|a Electronic books.
|
| 700 |
1 |
|
|a Polachek, S. W.
|
| 700 |
1 |
|
|a Tatsiramos, Konstantinos.
|
| 710 |
2 |
|
|a ProQuest (Firm)
|
| 830 |
|
0 |
|a Research in labor economics ;
|v v. 30.
|
| 856 |
4 |
0 |
|u https://ebookcentral.proquest.com/lib/matrademy/detail.action?docID=533109
|z Click to View
|